01646cam a22004217a 4500001001000000003000500010005001700015008004100032010001000073011001000083035001000093040000900103090001000112100003900122245009000161260004100251300002100292502007000313590003700383590004100420590004100461590004100502590004100543590004200584590004100626650003900667650002800706650005300734710004100787901000700828942000900835942000600844949005500850949004200905999001700947952013300964952012701097000069335CHAP20220329141333.0971013d1959 mx r 001|0 spa d a66607 a67579 a77049 cCHAP aTesis00aUribe Avendaño, Edmundo.911691210aTransecto ecológico de los terrenos de la ENA :bLago de Texcoco, Cerro del Tlaloc. aChapingo, Méx. :bEl autor,c1959. a73 h. :b: ilus. aTesis (Ing. Agr. esp. en Bosques) -- ENA. Departamento de Bosques aALEPHb10c20130110lUCH01h1401 aBATCH-UPDb10c20130110lUCH01h0508 aBATCH-UPDb10c20130110lUCH01h2320 aBATCH-UPDb10c20130410lUCH01h0146 aBATCH-UPDb10c20130914lUCH01h0735 aCONVERSIONb10c20130109lUCH01h1337 aE11695DGDb10c20170601lUCH01h145914aBotánicaxMéxico (Edo.)91459314aLago de Texcoco.96441014aSuelosxClasificaciónxMéxico (Edo.)91102550 aENA. Departamento de Bosques.936691 aBK cFOLL n0 bBCcTESd33724000763322eTS2fc.2h21368i77049si bBCcTESd770491eTS1h21594i77049sb c66607d66607 00102local4053708TESISaBCbBCcPA_TESISd2019-12-31fTESISl0p33724000763322r2019-12-31 00:00:00tc.2w2019-12-31yTESIS 00102local4051708TESISaBCbBCcPA_TESISd2019-12-31fTESISl0oTesisp770491r2019-12-31 00:00:00w2019-12-31yTESIS